Intermediate accounting : comprehensive volume

Αποθηκεύτηκε σε:
Λεπτομέρειες βιβλιογραφικής εγγραφής
Κύριος συγγραφέας: Smith, Jay M.
Άλλοι συγγραφείς: Skousen, K. Fred
Μορφή: Βιβλίο
Γλώσσα:English
Δημοσίευση: Cincinnati : South-Western Pub. Co., c1984
Έκδοση:8th ed.
Θέματα:
Ετικέτες: Προσθήκη ετικέτας
Δεν υπάρχουν, Καταχωρήστε ετικέτα πρώτοι!

MARC

LEADER 00000nam a2200000 i 4500
001 1/49382
008 950908s1984 eng d
020 |a 0538017805 
035 |l 10026827 
040 |a GR-MY-UA  |b gre  |e aacr 
041 0 |a eng 
082 0 |a 657/.044  |2 (19) 
100 1 |a Smith, Jay M. 
245 1 0 |a Intermediate accounting :  |b comprehensive volume /  |c Jay M. Smith, Jr., K. Fred Skousen 
250 |a 8th ed. 
260 |a Cincinnati :   |b South-Western Pub. Co.,   |c c1984 
300 |a xii, 1064 σ.;  |b εικ.;  |c 24 εκ. 
504 |a Περιλαμβάνει βιβλιογραφικές παραπομπές και ευρετήριο 
650 0 0 |a Accounting. 
700 1 |a Skousen, K. Fred. 
852 |a INST  |b CHIOS  |e 19950908  |h 657.044 SMI  |p 005200004720  |q 005200004720  |t BK  |y 0 
909 |a Χ  |b 000070